header

One for the birds (Record no. 74334)

MARC details
000 -LEADER
fixed length control field 01551nam a2200361 a 4500
100 1# - MAIN ENTRY--AUTHOR NAME
Personal name Bishop, Timothy S.
245 10 - TITLE STATEMENT
Title One for the birds
260 ## - PUBLICATION, DISTRIBUTION, ETC. (IMPRINT)
Place of publication Washington, D.C. :
Name of publisher Environmental Law Institute,
Year of publication 2003.
300 ## - PHYSICAL DESCRIPTION
Number of Pages [8] p.
490 0# - SERIES STATEMENT
Series statement Environmental law reporter news & analysis
650 #0 - SUBJECT ADDED ENTRY--TOPICAL TERM
Topical Term Birds
Topical Term Water
Topical Term Environmental law
700 1# - ADDED ENTRY--PERSONAL NAME
Personal name Waldinger, Kyle F.
Personal name Clark, Elizabeth A.
856 40 - ELECTRONIC LOCATION AND ACCESS
Uniform Resource Identifier http://site.ebrary.com/lib/rucke/Doc?id=10046550

No items available.

© 2026 Rongo University
Contact us: librarian | system librarian | Rongo university